000 00776nem a22002291 4500
001 0000008940
005 20151217161139.0
007 aj cauun
008 080623s xx a 0 eng d
020 _cKES 595
034 0 _aa
040 _aKABU
_cKABU
110 2 _aTourist Maps (Kenya)
_@0000159748
245 1 4 _aThe Aberdares National Park and environs including Lake Nakuru and Hell's Gate National Parks
_h[map] /
_cTourist Maps (Kenya).
255 _aScale 1 : 150,000.
260 _aNairobi :
_bTourist Maps (Kenya).,
_c1996.
300 _a1 map :
_bcol ;
_c59x89 cm, folded to 30x15 cm.
651 0 _aAberdares National Park
_xMaps, Tourist.
_@0000159754
908 _a080623
950 _@1
999 _c15070
_d15070